Performance Comparison Of Learning Algorithms For System Identification And Control (Record no. 233617)
[ view plain ]
| 000 -LEADER | |
|---|---|
| fixed length control field | 00797nam a2200145Ia 4500 |
| 008 - FIXED-LENGTH DATA ELEMENTS--GENERAL INFORMATION | |
| fixed length control field | 231221s9999 xx 000 0 und d |
| 041 ## - LANGUAGE CODE | |
| Language code of text/sound track or separate title | English |
| 082 ## - DEWEY DECIMAL CLASSIFICATION NUMBER | |
| Classification number | CPEC15-1092 |
| 100 ## - MAIN ENTRY--PERSONAL NAME | |
| Personal name | Karpagavalli Subramanian. Suresh G, Krishnappa. George, K. |
| 245 #0 - TITLE STATEMENT | |
| Title | Performance Comparison Of Learning Algorithms For System Identification And Control |
| 260 ## - PUBLICATION, DISTRIBUTION, ETC. | |
| Date of publication, distribution, etc. | 2015 |
| 500 ## - GENERAL NOTE | |
| General note | Performance Comparison Of Learning Algorithms For System Identification And Control Karpagavalli Subramanian, Suresh G. Krishnappa and K. George Dept. of Telecommunication Engineering, PES Institute of Technology (now PES University), Bangalore. Proceedings of the 12th IEEE India International Conference (INDICON 2015), New Delhi, India |
| 650 ## - SUBJECT ADDED ENTRY--TOPICAL TERM | |
| Topical term or geographic name entry element | Performance,Comparison,Identification,Control |
| 942 ## - ADDED ENTRY ELEMENTS (KOHA) | |
| Koha item type | Institutional repository |
| Date last seen | Total checkouts | Full call number | Accession number | Price effective from | Category | Lost status | Damaged status | Department | Withdrawn status | Home library | Current library | Shelving location | Entry date | Grants | Currency symbol | Conversion rate | Discount | Old discount |
|---|---|---|---|---|---|---|---|---|---|---|---|---|---|---|---|---|---|---|
| 26/01/2024 | CPEC15-1092 | IR1092 | 26/01/2024 | Institutional repository | EC | Central Library | Central Library | Central Library | EC | RS | 1 |
